| 000 | 00531nam a2200145Ia 4500 | ||
|---|---|---|---|
| 008 | 100122s9999 xx 000 0 und d | ||
| 082 |
_b32743 _a914.3 |
||
| 100 | _aबोरकर लक्ष्मीदास | ||
| 245 | _aनिंबोणीच्या झाडाखाली | ||
| 260 |
_bआराधना प्रकाशन _c1972 |
||
| 300 | _a112 | ||
| 630 | _aनिंबोणीच्या झाडाखाली | ||
| 730 | _aनिंबोणीच्या झाडाखाली | ||
| 942 | _cBOOK | ||
| 999 |
_c417066 _d417063 |
||